000 00776cam a2200241 i 4500
001 18664479
005 20240614011722.0
008 150618s2016 caua b 000 0 eng
020 _a9781483374956
040 _aDLC
_beng
_cDLC
_erda
_dDLC
082 0 0 _a305.800973
_223
_bRAC
245 0 0 _aRace, gender, sexuality, and social class :
_bdimensions of inequality and identity /
250 _aSecond edition.
260 _aCalifornia
_bSAGE Publications
_c2016
300 _axxvii, 627 pages :
500 _aRevised edition of: Race, gender, sexuality, & social class : dimensions of inequality, published in 2013.
650 0 _aRace
650 0 _aSex discrimination
650 0 _aEquality
650 0 _aSocial classes
700 1 _aFerguson, Susan J.
_eedt
942 _cL
999 _c5901
_d5901